[Event "XVIII MIEDZYNARODOWY FESTIWAL SZACHOWY PERLA BALTYKU - GRUPA A (FIDE min. 1700)"]
[Site "LAZY"]
[Date "1899-12-30"]
[Round "5.7"]
[White "Kaliszuk, Kamil"]
[Black "Pijewski, Milosz"]
[Result "1-0"]
[WhiteTitle "k"]
[BlackTitle "II"]
[WhiteElo "2088"]
[BlackElo "1496"]

1. e4 c6 2. Nc3 d5 3. Nf3 dxe4 4. Nxe4 Nf6 5. Qe2 Bf5 6. Nxf6+ gxf6 7. d4 Nd7 8.
c3 Bg7 9. Nh4 Bg6 10. f4 f5 11. g3 Qa5 12. Be3 f6 13. Bh3 O-O-O 14. O-O e6 15.
a4 Rhe8 16. Qf2 Bf8 17. b4 Qc7 18. a5 Bh5 19. Rfb1 Bg4 20. Bg2 a6 21. h3 Bh5 22.
c4 e5 23. d5 c5 24. b5 axb5 25. Rxb5 exf4 26. gxf4 Rxe3 27. Qxe3 Bd6 28. a6 b6
29. a7 Kb7 30. Nxf5 Ra8 31. Qe6 1-0

[Event "XVIII MIEDZYNARODOWY FESTIWAL SZACHOWY PERLA BALTYKU - GRUPA A (FIDE min. 1700)"]
[Site "LAZY"]
[Date "1899-12-30"]
[Round "5.8"]
[White "Rogala, Milosz"]
[Black "Slawinski, Miroslaw"]
[Result "0-1"]
[WhiteTitle "I"]
[BlackTitle "k"]
[WhiteElo "1837"]
[BlackElo "2025"]

1. e4 e6 2. d4 a6 3. Nf3 b5 4. a4 b4 5. Bc4 Nf6 6. e5 Nd5 7. Qe2 Bb7 8. O-O Be7
9. Be3 O-O 10. Bd3 f5 11. c4 bxc3 12. bxc3 g5 13. h3 Rf7 14. Nh2 Qf8 15. Qh5 Nf4
16. Bxf4 gxf4 17. Qe2 Rg7 18. f3 c5 19. Qb2 Qc8 20. Nd2 Nc6 21. Rfb1 Rb8 22. d5
Ba8 23. Qa2 Rxb1+ 24. Rxb1 Nxe5 25. dxe6 dxe6 26. Bxf5 c4 27. Bxe6+ Qxe6 28. Rb8+
Kf7 29. Rxa8 h5 30. Kh1 Bc5 31. Rd8 Ke7 32. Rb8 Nd7 33. Rb2 Qe1+ 34. Ndf1 Qxc3
35. Re2+ Ne5 36. Re4 Kd6 37. Qb1 Qb3 38. Qa1 c3 39. Nd2 Qb2 40. Qxb2 cxb2 41.
Nhf1 Nd3 42. Kh2 Kd5 43. Re8 Nb4 44. Nb1 Re7 45. Rd8+ Bd6 46. Nfd2 Re1 47. Nc3+
Kc6 48. Rc8+ Kb7 49. Rc4 Nd3 50. Nce4 Bb4 51. Nc3 a5 52. g4 Bxc3 53. Rxc3 Re2+
54. Kg1 Rxd2 55. Rb3+ Kc6 0-1

[Event "XVIII MIEDZYNARODOWY FESTIWAL SZACHOWY PERLA BALTYKU - GRUPA A (FIDE min. 1700)"]
[Site "LAZY"]
[Date "1899-12-30"]
[Round "5.9"]
[White "Bochniak, Franciszek"]
[Black "Kietrys, Maciej"]
[Result "1/2-1/2"]
[WhiteTitle "I+"]
[BlackTitle "I"]
[WhiteElo "1664"]
[BlackElo "1833"]

1. e4 e5 2. Nf3 Nc6 3. Bc4 Bc5 4. O-O Nf6 5. d3 d6 6. c3 Bb6 7. Bb3 h6 8. Nbd2
O-O 9. Nc4 Be6 10. Ne3 d5 11. Qc2 Bxe3 12. Bxe3 Re8 13. Ba4 Bg4 14. Bxc6 bxc6
15. Nd2 Qe7 16. h3 Bh5 17. Rfe1 Bg6 18. f3 c5 19. b3 c6 20. Nf1 Nd7 21. Qf2 f5
22. c4 d4 23. Bd2 Rf8 24. Ng3 fxe4 25. Nxe4 Nf6 26. Qg3 Nxe4 27. fxe4 Rf6 28.
Rf1 Raf8 29. Qg4 Kh7 30. Rxf6 Qxf6 31. Qe2 Qh4 32. Rf1 Bh5 33. Qe1 1/2-1/2

[Event "XVIII MIEDZYNARODOWY FESTIWAL SZACHOWY PERLA BALTYKU - GRUPA A (FIDE min. 1700)"]
[Site "LAZY"]
[Date "1899-12-30"]
[Round "5.10"]
[White "Galeziewski, Olaf"]
[Black "Hasinski, Krystian"]
[Result "1-0"]
[WhiteTitle "II+"]
[BlackTitle "I++"]
[WhiteElo "1633"]
[BlackElo "1714"]

1. d4 d5 2. c4 c6 3. Nc3 e6 4. Nf3 Nf6 5. Bg5 Nbd7 6. e3 Bb4 7. Qc2 Qa5 8. Nd2
O-O 9. Be2 dxc4 10. Bxf6 Nxf6 11. Nxc4 Qd5 12. O-O Bxc3 13. bxc3 h6 14. Ne5 Nd7
15. e4 Qa5 16. Nc4 Qc7 17. e5 c5 18. Qe4 Rb8 19. Nd6 f5 20. Qe3 a6 21. a4 Nb6
22. dxc5 Nd5 23. Qd4 Bd7 24. a5 Bc6 25. Rfb1 g5 26. Rb3 Nf4 27. Bf1 Bxg2 28. Bxg2
Ne2+ 29. Kf1 Nxd4 30. cxd4 h5 31. Rb6 h4 32. Nxb7 h3 33. Bh1 Rxb7 34. Rxb7 Qd8
35. Ra4 Rf7 36. c6 Rxb7 37. cxb7 Qc7 38. Bc6 Kg7 39. Rc4 Qxa5 40. b8=Q Qa1+ 41.
Ke2 Qa2+ 42. Kd3 Qxf2 43. Qb7+ Kh6 44. Qxa6 Qxh2 45. Bf3 g4 46. Qxe6+ Kg5 47.
Qf6+ Kf4 48. d5+ 1-0

[Event "XVIII MIEDZYNARODOWY FESTIWAL SZACHOWY PERLA BALTYKU - GRUPA A (FIDE min. 1700)"]
[Site "LAZY"]
[Date "1899-12-30"]
[Round "5.11"]
[White "Bartlomowicz, Jakub"]
[Black "Goral, Jan"]
[Result "0-1"]
[WhiteTitle "I"]
[BlackTitle "I"]
[WhiteElo "1922"]
[BlackElo "1700"]

1. e4 c5 2. Nf3 d6 3. d4 cxd4 4. Nxd4 Nf6 5. Nc3 g6 6. Be3 Bg7 7. f3 O-O 8. Qd2
Nc6 9. O-O-O d5 10. Qe1 e5 11. Nxc6 bxc6 12. exd5 Nxd5 13. Bc4 Be6 14. Ne4 Qc7
15. Nc5 Nxe3 16. Nxe6 Qb6 17. Nxf8 Nxd1 18. Qxd1 Rxf8 19. Qe2 Rd8 20. Rd1 Bh6+
21. Kb1 Rxd1+ 22. Qxd1 Qf2 23. Qf1 Qd4 24. c3 Qd2 25. a4 Bg5 26. Bb3 Qd7 27. Qc4
Qc7 28. a5 c5 29. a6 Kg7 30. Kc2 Bf6 31. Ba2 Bd8 32. Qd5 Kf6 33. Kd3 Qe7 34. Ke4
Bb6 35. g4 h6 36. h4 g5 37. h5 Qc7 38. Bc4 Qe7 39. Qc6+ Kg7 40. Kf5 Bc7 41. Ke4
Bb6 42. Kf5 Bc7 43. Bb3 e4 44. Qd5 e3 45. Bc4 e2 46. Bxe2 Qxe2 47. Qxc5 Qd3# 0-1

[Event "XVIII MIEDZYNARODOWY FESTIWAL SZACHOWY PERLA BALTYKU - GRUPA A (FIDE min. 1700)"]
[Site "LAZY"]
[Date "1899-12-30"]
[Round "5.12"]
[White "Babiarz, Arkadiusz"]
[Black "Kusiak, Mateusz"]
[Result "1-0"]
[WhiteTitle "I++"]
[BlackTitle "I+"]
[WhiteElo "2027"]
[BlackElo "1693"]

1. c4 c5 2. Nc3 g6 3. Nf3 Nc6 4. d4 cxd4 5. Nxd4 Nxd4 6. Qxd4 Nf6 7. Nd5 Bg7 8.
Bg5 O-O 9. Nxf6+ exf6 10. Bf4 f5 11. Qd2 Qb6 12. Rb1 Re8 13. e3 Bf8 14. Qd5 Qb4+
15. Qd2 Qa4 16. a3 d5 17. Qxd5 Be6 18. Qd1 Qc6 19. Qf3 Qa6 20. Be5 Bxa3 21. Bc3
Rad8 22. bxa3 Qxa3 23. Bb4 Qa2 24. Rd1 Bxc4 25. Bxc4 Qxc4 26. Bd2 Rd7 27. Qe2
Qb3 28. Ba5 Rxd1+ 29. Qxd1 Qc4 30. Bd2 Rd8 31. Qc1 Qd5 32. f3 a5 33. Rf1 a4 34.
Rf2 Qd6 35. f4 b5 36. Ba5 Re8 37. Qc3 Qe6 38. Rb2 Qxe3+ 39. Qxe3 Rxe3+ 40. Kd2
a3 41. Ra2 Rb3 42. Kc2 Re3 43. Bc3 Re4 44. Rxa3 f6 45. Bxf6 Rxf4 46. Rd3 Kf7 47.
Bc3 Rh4 48. h3 Rf4 49. Rf3 Rc4 50. Kd3 Ke6 51. Re3+ Kd6 52. Re8 Rh4 53. Rh8 Kc5
54. Bf6 Rh5 55. h4 Kd5 56. g3 Ke6 57. Bg5 Kd5 58. Be3 Ke5 59. Rb8 Kf6 60. Rxb5
h6 61. Rb6+ Kf7 62. Rb7+ Kf8 63. Rh7 1-0

[Event "XVIII MIEDZYNARODOWY FESTIWAL SZACHOWY PERLA BALTYKU - GRUPA A (FIDE min. 1700)"]
[Site "LAZY"]
[Date "1899-12-30"]
[Round "5.13"]
[White "Przybylski, Bartosz"]
[Black "Gbiorczyk, Mikolaj"]
[Result "1-0"]
[WhiteTitle "I"]
[BlackTitle "I"]
[WhiteElo "1679"]
[BlackElo "1781"]

1. e4 c5 2. Nf3 Nc6 3. d4 cxd4 4. Nxd4 Nf6 5. Nc3 e5 6. Ndb5 d6 7. Bg5 a6 8. Na3
b5 9. Nd5 Be7 10. Bxf6 Bxf6 11. c3 Ne7 12. Nxf6+ gxf6 13. Nc2 Bb7 14. Bd3 d5 15.
Qe2 f5 16. exf5 e4 17. f6 Nf5 18. Nb4 Qxf6 19. Bxb5+ Kf8 20. Bd7 a5 21. Nc2 Nd6
22. O-O-O Ba6 23. Qe3 Bc4 24. Qd4 Qf4+ 25. Ne3 Rg8 26. g3 Qxf2 27. Nxc4 Qxd4 28.
Rxd4 Nxc4 29. Bc6 Rd8 30. Bxd5 Ne3 31. Bxe4 Rxd4 32. cxd4 Rg4 33. Bxh7 Rxd4 34.
Re1 Ng4 35. Re2 Rd5 36. h3 Ne5 37. Rd2 Rc5+ 38. Rc2 Rd5 39. Rc7 Kg7 40. Be4 Rd4
41. Bf5 Kf6 42. g4 Rd5 43. Kc2 Rb5 44. a3 Kg5 45. Rc3 f6 46. b3 Kf4 47. Bd3 Rd5
48. b4 axb4 49. axb4 Nf3 50. Rc4+ Kg3 51. Be4 Ne1+ 52. Kb3 Re5 53. Rc3+ Kh4 54.
Bc6 1-0

[Event "XVIII MIEDZYNARODOWY FESTIWAL SZACHOWY PERLA BALTYKU - GRUPA A (FIDE min. 1700)"]
[Site "LAZY"]
[Date "1899-12-30"]
[Round "5.14"]
[White "Kossowski, Pawel"]
[Black "Bem, Tymoteusz"]
[Result "1-0"]
[WhiteTitle "I"]
[BlackTitle "II+"]
[WhiteElo "1737"]
[BlackElo "1682"]

1. e4 c5 2. Nf3 Nc6 3. d4 cxd4 4. Nxd4 Nf6 5. Nc3 e5 6. Ndb5 d6 7. Bg5 a6 8. Na3
b5 9. Bxf6 gxf6 10. Nd5 Bg7 11. g3 f5 12. exf5 Bxf5 13. Bg2 O-O 14. Ne3 Ne7 15.
Nxf5 Nxf5 16. Qh5 b4 17. Qxf5 bxa3 18. Be4 Re8 19. Qxh7+ Kf8 20. bxa3 Qa5+ 21.
Kf1 d5 22. Bg2 e4 23. Rd1 Qb5+ 24. Kg1 Qe2 25. Rf1 Qd2 26. Qh5 e3 27. Bxd5 Ra7
28. fxe3 Qxe3+ 29. Kg2 Ree7 30. Rf2 Qd4 31. Rhf1 Re5 32. Rxf7+ Ke8 33. Rf8+ Kd7
34. Qf7+ Re7 35. Qf5+ Kd6 36. Rd8+ Kc7 37. Rc8+ Kb6 38. Rb1+ Ka5 39. Be6+ Be5
40. Re1 Rxe6 41. Qxe6 Qd2+ 42. Kf1 Bc7 43. Qc4 Bd6 44. Rc5+ Kb6 45. Rb1+ 1-0

[Event "XVIII MIEDZYNARODOWY FESTIWAL SZACHOWY PERLA BALTYKU - GRUPA A (FIDE min. 1700)"]
[Site "LAZY"]
[Date "1899-12-30"]
[Round "5.15"]
[White "Dylong, Antoni"]
[Black "Krasniewski, Maciej"]
[Result "1/2-1/2"]
[WhiteTitle "I"]
[BlackTitle "I"]
[WhiteElo "1576"]
[BlackElo "1737"]

1. e4 c5 2. c3 Nf6 3. e5 Nd5 4. d4 cxd4 5. cxd4 d6 6. Nf3 Nc6 7. Bc4 Nb6 8. Bb5
e6 9. O-O Be7 10. Nc3 O-O 11. Be3 Qc7 12. Re1 Rd8 13. Qc2 a6 14. Bd3 g6 15. a3
Nd7 16. Bf4 dxe5 17. dxe5 Nc5 18. Bf1 b5 19. b4 Nd7 20. Rac1 Bb7 21. Ne4 Rac8
22. Qb2 Qb8 23. Bg3 Nb6 24. Nd6 Rc7 25. Nd2 Nc8 26. N2e4 N6a7 27. Rxc7 Qxc7 28.
Rc1 Qb6 29. Qc2 Bxe4 30. Nxe4 a5 31. Qc7 Qxc7 32. Rxc7 axb4 33. axb4 Bxb4 34.
Nd6 Nxd6 35. exd6 Nc8 36. d7 Ne7 37. Bh4 Kf8 38. Bxb5 Ba5 39. Bxe7+ 1/2-1/2

[Event "XVIII MIEDZYNARODOWY FESTIWAL SZACHOWY PERLA BALTYKU - GRUPA A (FIDE min. 1700)"]
[Site "LAZY"]
[Date "1899-12-30"]
[Round "5.16"]
[White "Sliz, Karol"]
[Black "Makhynia, Kostiantyn"]
[Result "1/2-1/2"]
[WhiteTitle "II+"]
[BlackTitle "II"]
[WhiteElo "1615"]
[BlackElo "1717"]

1. e4 c5 2. Nf3 Nc6 3. d4 cxd4 4. Nxd4 Nf6 5. Nc3 e5 6. Ndb5 d6 7. Bg5 a6 8. Na3
Be6 9. Nc4 Rb8 10. Ne3 Be7 11. Bxf6 Bxf6 12. Ncd5 Bg5 13. g3 O-O 14. Bg2 Bxe3
15. Nxe3 Qb6 16. Qc1 Rbd8 17. O-O Ne7 18. c4 f5 19. exf5 Nxf5 20. Bd5 Rde8 21.
Bxe6+ Rxe6 22. Nd5 Qd8 23. f4 Nd4 24. Qd2 b5 25. Rac1 1/2-1/2

[Event "XVIII MIEDZYNARODOWY FESTIWAL SZACHOWY PERLA BALTYKU - GRUPA A (FIDE min. 1700)"]
[Site "LAZY"]
[Date "1899-12-30"]
[Round "5.17"]
[White "Borkowski, Szymon"]
[Black "Zeissel, Andrzej"]
[Result "0-1"]
[WhiteTitle "I"]
[BlackTitle "I"]
[WhiteElo "1715"]
[BlackElo "1624"]

1. d4 f5 2. c4 Nf6 3. g3 g6 4. Bg2 Bg7 5. Nf3 d6 6. O-O O-O 7. Nc3 c6 8. Qc2 Qc7
9. b3 e5 10. dxe5 dxe5 11. Rd1 Re8 12. e3 e4 13. Nd4 Na6 14. a3 Nc5 15. Bf1 Ne6
16. Nce2 Ng5 17. Bb2 c5 18. Nb5 Nf3+ 19. Kg2 Qe7 20. Nf4 a6 21. Nc3 g5 22. Ncd5
Qf7 23. Bxf6 Bxf6 24. Nh5 Bxa1 25. Rxa1 Re6 0-1

[Event "XVIII MIEDZYNARODOWY FESTIWAL SZACHOWY PERLA BALTYKU - GRUPA A (FIDE min. 1700)"]
[Site "LAZY"]
[Date "1899-12-30"]
[Round "5.18"]
[White "Zareba, Piotr"]
[Black "Merecki, Antoni"]
[Result "1-0"]
[WhiteTitle "II"]
[BlackTitle "II"]
[WhiteElo "1708"]
[BlackElo "1543"]

1. b3 d5 2. Bb2 c5 3. e3 Nc6 4. Nf3 Bg4 5. h3 Bh5 6. Bb5 Rc8 7. Bxc6+ Rxc6 8. d3
e6 9. Nbd2 Nf6 10. Qe2 Be7 11. e4 Bxf3 12. Nxf3 Qa5+ 13. Nd2 O-O 14. O-O Qc7 15.
f4 b5 16. e5 Nd7 17. c4 bxc4 18. dxc4 d4 19. Rf3 f6 20. exf6 Bxf6 21. Ne4 Be7
22. Raf1 e5 23. f5 h6 24. Rg3 Nf6 25. Bc1 Nxe4 26. Qxe4 Kh8 27. Qg4 Bf6 28. Qh5
Bd8 29. Rg6 Rxg6 30. Qxg6 Qf7 31. Qg4 Qe7 32. Qe4 Qd6 33. Rf3 Bc7 34. Bd2 Bd8
35. Be1 Bg5 36. Bf2 Rd8 37. Rd3 Bf6 38. g4 Rc8 39. Kg2 Qc6 40. Kf3 Kg8 41. Qxc6
Rxc6 42. Ke4 Rd6 43. Be1 Kf7 44. a3 Rd7 45. b4 cxb4 46. axb4 Ke7 47. Bg3 Rb7 48.
b5 Rc7 49. Bxe5 Rxc4 50. Rxd4 Rc1 51. Bd6+ Kd7 52. Bf4+ Bxd4 53. Bxc1 Bf6 54.
Be3 a6 55. bxa6 Kc7 56. Bd4 Bxd4 57. Kxd4 Kb6 58. Ke5 Kxa6 59. Ke6 1-0

[Event "XVIII MIEDZYNARODOWY FESTIWAL SZACHOWY PERLA BALTYKU - GRUPA A (FIDE min. 1700)"]
[Site "LAZY"]
[Date "1899-12-30"]
[Round "6.1"]
[White "Gradalski, Olaf"]
[Black "Mielczarski, Miroslaw"]
[Result "1-0"]
[WhiteTitle "k"]
[BlackTitle "k"]
[WhiteElo "2049"]
[BlackElo "2115"]

1. e4 d5 2. exd5 Qxd5 3. Nc3 Qd6 4. d4 Nf6 5. Nf3 c6 6. Ne5 Nbd7 7. Nc4 Qc7 8.
g3 Nb6 9. Bf4 Qd8 10. Ne5 Nbd5 11. Nxd5 Nxd5 12. Qf3 Be6 13. Bg2 Nxf4 14. Qxf4
f6 15. Nd3 Qd6 16. Qe3 Bd5 17. Bxd5 Qxd5 18. O-O O-O-O 19. Nf4 Qxd4 20. Qf3 Qc4
21. Qg4+ Kb8 22. Rad1 Rc8 23. b3 Qf7 24. Ne6 g5 25. Rd7 a5 26. Rfd1 Bg7 27. Qc4
f5 28. Rxb7+ Kxb7 29. Rd7+ 1-0

[Event "XVIII MIEDZYNARODOWY FESTIWAL SZACHOWY PERLA BALTYKU - GRUPA A (FIDE min. 1700)"]
[Site "LAZY"]
[Date "1899-12-30"]
[Round "6.2"]
[White "Banasik, Krzysztof"]
[Black "Krainski, Aleksander"]
[Result "1/2-1/2"]
[WhiteTitle "k+"]
[BlackTitle "FM"]
[WhiteElo "2199"]
[BlackElo "2053"]

1. e4 e6 2. d4 d5 3. e5 Ne7 4. Nf3 c5 5. c3 Nbc6 6. Bd3 cxd4 7. cxd4 Nf5 8. Bxf5
exf5 9. Nc3 Be6 10. Qb3 Qd7 11. h4 Be7 12. Bg5 Bf8 13. Rc1 h6 14. Bd2 Be7 15.
Ne2 O-O 16. O-O Rfc8 17. Nf4 a5 18. a4 Nb4 19. Bc3 Qd8 20. h5 Qd7 21. g3 Rc4 22.
Ra1 Rac8 23. Nd2 1/2-1/2

[Event "XVIII MIEDZYNARODOWY FESTIWAL SZACHOWY PERLA BALTYKU - GRUPA A (FIDE min. 1700)"]
[Site "LAZY"]
[Date "1899-12-30"]
[Round "6.3"]
[White "Mulet, Piotr"]
[Black "Zabron, Maksym"]
[Result "1/2-1/2"]
[WhiteTitle "FM"]
[BlackTitle "I++"]
[WhiteElo "2111"]
[BlackElo "1947"]

1. e4 c5 2. Nf3 e6 3. d4 cxd4 4. Nxd4 Nc6 5. Nc3 Qc7 6. Be3 a6 7. Be2 Nf6 8. O-O
Bb4 9. Nxc6 bxc6 10. Bd3 d5 11. Qf3 O-O 12. exd5 cxd5 13. Bg5 Bxc3 14. bxc3 Ne4
15. Bxe4 dxe4 16. Qxe4 Bb7 17. Bf4 1/2-1/2

[Event "XVIII MIEDZYNARODOWY FESTIWAL SZACHOWY PERLA BALTYKU - GRUPA A (FIDE min. 1700)"]
[Site "LAZY"]
[Date "1899-12-30"]
[Round "6.4"]
[White "Kejna, Piotr"]
[Black "Kaliszuk, Kamil"]
[Result "0-1"]
[WhiteTitle "CM"]
[BlackTitle "k"]
[WhiteElo "1970"]
[BlackElo "2088"]

1. e4 e5 2. Nf3 Nc6 3. Bc4 Nf6 4. d3 Bc5 5. c3 d6 6. a4 a6 7. O-O Ba7 8. Na3 h6
9. Nc2 O-O 10. Be3 Bb8 11. Qd2 Kh7 12. h3 Ne7 13. Ba2 c6 14. Rae1 a5 15. Re2 b6
16. Na3 d5 17. Bb1 Ng6 18. Qd1 Ba6 19. Rd2 Qc7 20. Re1 Rd8 21. Qb3 c5 22. Rdd1
Bb7 23. Nb5 Qe7 24. Bc1 Bc6 25. c4 d4 26. Nh2 Nh5 27. Rd2 Nhf4 28. Qd1 Nh4 29.
f3 Qg5 30. Kh1 Nhxg2 31. Rg1 Ne3 32. Rxg5 Nxd1 33. Rg3 Ne3 34. Rf2 f5 35. Nf1
Nh5 36. Rg1 f4 37. Kh2 Rf8 38. Bd2 Nd1 39. Rfg2 Nxb2 40. Bc2 Bxb5 41. cxb5 c4
42. dxc4 Nxc4 43. Bb3 Ne3 44. Nxe3 fxe3 45. Be1 Ra7 46. Rg6 Rf6 47. Rxf6 Nxf6
48. Bh4 g5 49. Bg3 Nh5 50. Rc1 Rc7 51. Rxc7+ Bxc7 52. Bc4 Nf6 53. Kg2 Nd7 54.
Be2 Nc5 0-1

[Event "XVIII MIEDZYNARODOWY FESTIWAL SZACHOWY PERLA BALTYKU - GRUPA A (FIDE min. 1700)"]
[Site "LAZY"]
[Date "1899-12-30"]
[Round "6.5"]
[White "Goral, Jan"]
[Black "Betkowski, Andrzej"]
[Result "0-1"]
[WhiteTitle "I"]
[BlackTitle "k"]
[WhiteElo "1700"]
[BlackElo "2063"]

1. d4 g6 2. c4 Bg7 3. g3 c5 4. d5 f5 5. Bg2 Nf6 6. Nh3 O-O 7. Nc3 e5 8. dxe6 dxe6
9. Qxd8 Rxd8 10. Nf4 Ng4 11. Nb5 Na6 12. Rb1 Nb4 13. Nc7 Nc2+ 14. Kf1 Rd1# 0-1

[Event "XVIII MIEDZYNARODOWY FESTIWAL SZACHOWY PERLA BALTYKU - GRUPA A (FIDE min. 1700)"]
[Site "LAZY"]
[Date "1899-12-30"]
[Round "6.6"]
[White "Slawinski, Miroslaw"]
[Black "Ciszewski, Krzysztof"]
[Result "1-0"]
[WhiteTitle "k"]
[BlackTitle "I++"]
[WhiteElo "2025"]
[BlackElo "2017"]

1. d4 Nf6 2. Nf3 g6 3. c4 Bg7 4. Nc3 O-O 5. e4 d6 6. h3 e5 7. d5 Na6 8. Bd3 Nc5
9. Bc2 a5 10. Bg5 c6 11. Qe2 a4 12. O-O Qc7 13. Rac1 Nh5 14. Qe3 Bd7 15. g4 f6
16. gxh5 fxg5 17. hxg6 h6 18. Kg2 Rf6 19. Bd1 Raf8 20. Nxe5 dxe5 21. Qxc5 Qc8
22. Qe3 Rxg6 23. Nxa4 g4 24. Nb6 gxh3+ 25. Kh1 Qd8 26. Nxd7 Qxd7 27. Rc3 Rf4 28.
Rg1 Rxg1+ 29. Kxg1 Qf7 30. Qxh3 Rxe4 31. Bc2 Rf4 32. Qc8+ Bf8 33. Rg3+ Kh8 34.
Bg6 Qe7 35. d6 Qxd6 36. Qxb7 Be7 37. Qc8+ Rf8 38. Qh3 Kg7 39. Be4+ Bg5 40. Rd3
Qf6 41. Rf3 Bf4 42. Qd7+ Rf7 43. Qxc6 Qh4 44. Bd5 Rf6 45. Qd7+ Kg6 46. Be4+ Kg5
47. Qg7+ Kh5 48. Qg2 Rd6 49. Rd3 Rxd3 50. Qg6# 1-0

[Event "XVIII MIEDZYNARODOWY FESTIWAL SZACHOWY PERLA BALTYKU - GRUPA A (FIDE min. 1700)"]
[Site "LAZY"]
[Date "1899-12-30"]
[Round "6.7"]
[White "Rawicz, Karol"]
[Black "Galeziewski, Olaf"]
[Result "1-0"]
[WhiteTitle "FM"]
[BlackTitle "II+"]
[WhiteElo "2186"]
[BlackElo "1633"]

1. Nf3 Nf6 2. c4 g6 3. Nc3 Bg7 4. e4 d6 5. d4 O-O 6. Be2 e5 7. O-O Na6 8. Re1 exd4
9. Nxd4 Nc5 10. Bf1 Re8 11. f3 c6 12. Be3 a5 13. Nb3 Ne6 14. Na4 Nh5 15. Nb6 Be5
16. g3 Rb8 17. Qd2 Qf6 18. f4 Nexf4 19. gxf4 Nxf4 20. Nxc8 Rbxc8 21. Rac1 a4 22.
Nd4 Qh4 23. Qf2 Qg5+ 24. Kh1 Qf6 25. Rc2 h5 26. Nf3 g5 27. c5 g4 28. cxd6 Bxd6
29. e5 Rxe5 30. Nxe5 Bxe5 31. Bxf4 Bxf4 32. Re4 1-0

[Event "XVIII MIEDZYNARODOWY FESTIWAL SZACHOWY PERLA BALTYKU - GRUPA A (FIDE min. 1700)"]
[Site "LAZY"]
[Date "1899-12-30"]
[Round "6.8"]
[White "Stepinski, Piotr"]
[Black "Babiarz, Arkadiusz"]
[Result "1-0"]
[WhiteTitle "I"]
[BlackTitle "I++"]
[WhiteElo "1697"]
[BlackElo "2027"]

1. e4 c5 2. Nf3 e6 3. c3 Nf6 4. e5 Nd5 5. d4 cxd4 6. cxd4 d6 7. Be2 Be7 8. O-O
O-O 9. Bd2 b6 10. Nc3 Nxc3 11. Bxc3 Bb7 12. Rc1 Nd7 13. b3 dxe5 14. dxe5 Ba3 15.
Rc2 Qe7 16. Rd2 Bd5 17. Bc4 Bc6 18. Qe2 Nc5 19. Nd4 Bb7 20. f3 Nd7 21. Rfd1 Qc5
22. Kh1 Bd5 23. Bxd5 exd5 24. Nb5 Qe7 25. Rxd5 Nf6 26. R5d2 Rfe8 27. Qc4 Nh5 28.
Nxa3 Qxa3 29. Bb4 1-0

[Event "XVIII MIEDZYNARODOWY FESTIWAL SZACHOWY PERLA BALTYKU - GRUPA A (FIDE min. 1700)"]
[Site "LAZY"]
[Date "1899-12-30"]
[Round "6.9"]
[White "Kietrys, Maciej"]
[Black "Bury, Milosz"]
[Result "1-0"]
[WhiteTitle "I"]
[BlackTitle "II"]
[WhiteElo "1833"]
[BlackElo "1685"]

1. e4 c5 2. Nc3 Nc6 3. g3 g6 4. Bg2 Bg7 5. d3 d6 6. Be3 e6 7. Qd2 Rb8 8. Nf3 Nd4
9. Bxd4 cxd4 10. Nb5 a6 11. Nbxd4 Qb6 12. c3 Ne7 13. O-O O-O 14. Rfe1 e5 15. Ne2
f5 16. exf5 Bxf5 17. d4 e4 18. Nh4 d5 19. f3 Rbe8 20. Nc1 Qb5 21. Nb3 exf3 22.
Bxf3 Bh3 23. Bg2 Bxg2 24. Kxg2 Nf5 25. Nxf5 Rxf5 26. Rxe8+ Qxe8 27. Re1 Qf7 28.
Qe3 Bf8 29. Nd2 b5 30. Nf3 Bh6 31. Qe2 Bf8 32. Ne5 Qf6 33. Nd3 h5 34. Qe6+ Kg7
35. Nf4 Qg5 36. Re5 h4 37. Rxf5 gxf5 38. Qxd5 Kh7 39. Qb7+ Bg7 40. Qxa6 hxg3 41.
hxg3 Qe7 42. Qg6+ Kg8 43. Ne6 Qb7+ 44. Kf2 1-0

[Event "XVIII MIEDZYNARODOWY FESTIWAL SZACHOWY PERLA BALTYKU - GRUPA A (FIDE min. 1700)"]
[Site "LAZY"]
[Date "1899-12-30"]
[Round "6.10"]
[White "Kotowicz, Kamil"]
[Black "Przybylski, Bartosz"]
[Result "1-0"]
[WhiteTitle "I"]
[BlackTitle "I"]
[WhiteElo "1770"]
[BlackElo "1679"]

1. d4 f5 2. c4 Nf6 3. Nf3 g6 4. Nc3 Bg7 5. g3 d6 6. Bg2 O-O 7. O-O c6 8. Re1 Ne4
9. Nxe4 fxe4 10. Ng5 d5 11. Qb3 Bxd4 12. e3 Bf6 13. cxd5 Qxd5 14. Nxe4 Qxb3 15.
Nxf6+ Rxf6 16. axb3 Be6 17. b4 Nd7 18. f4 a6 19. e4 Nb6 20. Be3 Nc4 21. Bd4 Rff8
22. Red1 Rfd8 23. h3 Rd7 24. Bc3 Rad8 25. Rxd7 Rxd7 26. Re1 Nd6 27. Rd1 Nb5 28.
Rxd7 Bxd7 29. Be5 Kf7 30. Kf2 Be6 31. g4 Bc4 32. Ke3 Ke6 33. h4 b6 34. g5 Kf7
35. f5 e6 36. Bh3 exf5 37. exf5 a5 38. bxa5 bxa5 39. Kf4 gxf5 40. Bxf5 Kg8 41.
Bc2 Bf7 42. Ba4 Be8 43. Kf5 c5 44. Kf6 c4 45. Bc2 Bc6 46. h5 Bf3 47. h6 Bh5 48.
g6 Bxg6 49. Bxg6 a4 50. Bf7+ Kf8 51. Bxc4 a3 52. Bxb5 1-0

[Event "XVIII MIEDZYNARODOWY FESTIWAL SZACHOWY PERLA BALTYKU - GRUPA A (FIDE min. 1700)"]
[Site "LAZY"]
[Date "1899-12-30"]
[Round "6.11"]
[White "Bochniak, Franciszek"]
[Black "Kossowski, Pawel"]
[Result "1-0"]
[WhiteTitle "I+"]
[BlackTitle "I"]
[WhiteElo "1664"]
[BlackElo "1737"]

1. e4 e5 2. Nf3 Nc6 3. d3 Nf6 4. g3 d5 5. exd5 Nxd5 6. Bg2 Be7 7. O-O Be6 8. Re1
Bf6 9. Nbd2 h5 10. Nc4 h4 11. Nfxe5 Nxe5 12. Nxe5 hxg3 13. hxg3 c6 14. Qe2 Qd6
15. Ng6 O-O-O 16. Nxh8 Rxh8 17. c3 Qd7 18. Be3 Bh3 19. Qf1 Bf5 20. d4 Qd8 21.
Qc4 Nc7 22. Bf4 Ne6 23. d5 Nxf4 24. Qxf4 Bd7 25. dxc6 bxc6 26. Re4 a5 27. Qe3
Kb7 28. Rd1 Qc8 29. Re7 Bxe7 30. Qxe7 Kc7 31. Qd6+ Kb7 32. Qxd7+ 1-0

[Event "XVIII MIEDZYNARODOWY FESTIWAL SZACHOWY PERLA BALTYKU - GRUPA A (FIDE min. 1700)"]
[Site "LAZY"]
[Date "1899-12-30"]
[Round "6.12"]
[White "Zeissel, Andrzej"]
[Black "Zareba, Piotr"]
[Result "1/2-1/2"]
[WhiteTitle "I"]
[BlackTitle "II"]
[WhiteElo "1624"]
[BlackElo "1708"]

1. e4 c6 2. d4 d5 3. f3 e6 4. Nc3 Bb4 5. Bd2 dxe4 6. Nxe4 Bxd2+ 7. Qxd2 Nf6 8.
O-O-O b6 9. h4 Ba6 10. Nh3 Nxe4 11. fxe4 Qxh4 12. Bxa6 Nxa6 13. Ng5 Qg4 14. Nxh7
O-O-O 15. e5 c5 16. Qg5 Rxd4 17. Rxd4 Qxg5+ 18. Nxg5 Rxh1+ 19. Rd1 Rh2 20. Rd2
Nb4 21. a3 Nd5 22. Rf2 f6 23. exf6 Nxf6 24. Re2 e5 25. Kd2 Rh5 26. Nf7 Nd7 27.
g4 Rh4 28. Rg2 Kc7 29. Ke3 Kc6 30. Ke4 Nf6+ 31. Kxe5 Nxg4+ 32. Ke6 Ne3 33. Rxg7
Nxc2 34. Ne5+ Kb5 35. Rxa7 Nd4+ 36. Kf6 Rh2 37. Kg5 c4 38. a4+ Kc5 39. a5 bxa5
40. Rxa5+ Kb4 41. Nxc4 Kxc4 42. Ra4+ Kc5 43. Ra2 Kb4 44. Kf4 Kb3 45. Ra8 Kxb2
46. Ke4 Rh4+ 47. Kd5 Kc3 48. Rg8 Ne2 49. Ke5 Kd3 50. Rg5 Re4+ 51. Kd6 Nc3 52.
Rg3+ Kd4 53. Rg2 Rh4 54. Rg6 Ne4+ 55. Kc6 Rh1 56. Kd7 Kd5 57. Kd8 Rh8+ 58. Ke7
Rh7+ 59. Kf8 Ke5 60. Rg7 Rh8+ 61. Rg8 Rh6 62. Kg7 Ra6 63. Re8+ Kf5 64. Rf8+ Kg5
65. Rf7 Ng3 66. Rc7 Nf5+ 67. Kf7 Rf6+ 68. Ke8 Re6+ 69. Kd7 Rd6+ 70. Kc8 Kf6 71.
Rd7 Ne7+ 72. Kc7 Rc6+ 73. Kb7 Rc1 74. Rd2 Kf7 75. Kb6 Ke6 76. Rb2 Nd5+ 77. Kb7
Kd6 78. Rb5 Rc7+ 79. Kb8 Rh7 80. Rb7 Rh8+ 81. Ka7 Kc6 82. Rg7 Rh1 83. Rg6+ Kd7
84. Rg7+ Ne7 85. Kb6 Rc1 1/2-1/2

[Event "XVIII MIEDZYNARODOWY FESTIWAL SZACHOWY PERLA BALTYKU - GRUPA A (FIDE min. 1700)"]
[Site "LAZY"]
[Date "1899-12-30"]
[Round "6.13"]
[White "Laszewicz, Pawel"]
[Black "Hury, Tymoteusz"]
[Result "0-1"]
[WhiteTitle "k"]
[BlackTitle "I"]
[WhiteElo "2075"]
[BlackElo "1679"]

1. e4 e5 2. Nf3 Nc6 3. Nc3 Nf6 4. d4 exd4 5. Nxd4 Bb4 6. Nxc6 bxc6 7. Bd3 d5 8.
Bd2 O-O 9. O-O Bxc3 10. Bxc3 dxe4 11. Bxf6 Qxf6 12. Bxe4 Ba6 13. Re1 Qxb2 14.
Rb1 Qc3 15. Qd7 Qa5 16. Bxc6 Rad8 17. Qe7 Qxa2 18. Rb4 Qxc2 19. Rd4 Rb8 20. Be4
Qc3 21. Red1 Be2 22. Bxh7+ Kxh7 23. Qxe2 Rfe8 24. Qh5+ Kg8 25. g3 Re1+ 26. Rxe1
Qxe1+ 27. Kg2 Qb1 28. Rh4 Qb7+ 29. f3 Qb2+ 30. Kh3 g6 31. Qh7+ Kf8 32. Qh8+ Ke7
33. Re4+ Kd6 34. Rd4+ Ke6 35. Qg7 Rb5 36. Re4+ Kd6 37. Qf8+ Kc6 38. Qa8+ Kb6 39.
Ra4 Rh5+ 40. Kg4 f5+ 41. Kf4 Qd2+ 42. Ke5 Qd6# 0-1